Disinvestment Commission, reports (Record no. 482847)

000 -LEADER
fixed length control field 00528cam a22001697a 4500
008 - FIXED-LENGTH DATA ELEMENTS--GENERAL INFORMATION
fixed length control field 180718b-- xxu||||| |||| 00| 0 eng d
082 ## - DEWEY DECIMAL CLASSIFICATION NUMBER
Classification number U6x54 In2d
100 ## - MAIN ENTRY--PERSONAL NAME
Personal name Disinvestment Commission
245 ## - TITLE STATEMENT
Title Disinvestment Commission, reports
Statement of responsibility, etc. by Disinvestment Commission, India
260 ## - PUBLICATION, DISTRIBUTION, ETC.
Place of publication, distribution, etc. New Delhi
Name of publisher, distributor, etc. The author
Date of publication, distribution, etc. --
300 ## - PHYSICAL DESCRIPTION
Extent Reports I-XII
500 ## - GENERAL NOTE
General note Chairman: G.V. Ramakrishna
650 ## - SUBJECT ADDED ENTRY--TOPICAL TERM
Topical term or geographic name entry element Stocks - India
650 ## - SUBJECT ADDED ENTRY--TOPICAL TERM
Topical term or geographic name entry element Privatization - India
650 ## - SUBJECT ADDED ENTRY--TOPICAL TERM
Topical term or geographic name entry element Disinvestment - India
700 ## - ADDED ENTRY--PERSONAL NAME
Personal name Ramakrishna, G.V. (Chairman)
Holdings
Withdrawn status Lost status Damaged status Not for loan Permanent Location Current Location Date acquired Full call number Barcode Date last seen Price effective from Koha item type
        Indian Institute of Public Administration Indian Institute of Public Administration 2018-08-04 U6x54 In2d G19601 2018-08-04 2018-08-04 G
        Indian Institute of Public Administration Indian Institute of Public Administration 2018-08-04 U6x54 In2d G19365 2018-08-04 2018-08-04 G
        Indian Institute of Public Administration Indian Institute of Public Administration 2018-08-04 U6x54 In2d G19152 2018-08-04 2018-08-04 G

Powered by Koha